| 000 | 00578cam a22002054a 4500 | ||
|---|---|---|---|
| 005 | 20251209152215.0 | ||
| 008 | 250528s ||||||||||||||||||||||||d | ||
| 035 | _a23833 | ||
| 020 | _a9789605862510 | ||
| 040 |
_aGR-AtMCL _bgre _dGR-AtMCL _eAACR2 |
||
| 245 | 1 | _aΒιώσιμη τουριστική ανάπτυξη και περιβάλλον | |
| 250 | _a2 | ||
| 260 |
_aΕλλάδα _bΚριτική |
||
| 300 | _a288 | ||
| 700 | 1 |
_aΚοκκώσης, Χάρης _98803 |
|
| 700 | 1 | _aΤσάρτας Πάρις | |
| 942 | _cBK | ||
| 999 |
_c8760 _d8760 |
||